| Tag |
First Indicator |
Second Indicator |
Subfields |
| LEADER |
00000cam a2200000 4500 |
| 001 |
in00000263721 |
| 005 |
20151010055348.0 |
| 008 |
790607s1955 inu s00000 eng d |
| 010 |
|
|
|a gs 56000116
|
| 035 |
|
|
|a (OCoLC)05044630
|
| 035 |
|
|
|9 ABD0470AM
|
| 040 |
|
|
|a TXA
|c TXA
|d UtOrBLW
|
| 049 |
|
|
|a TXAM
|c [275596]
|
| 090 |
|
|
|a QE109
|b .A3 no. 9
|
| 100 |
1 |
|
|a Patton, John B.
|q (John Barratt),
|d 1915-
|
| 245 |
1 |
0 |
|a Underground storage of liquid hydrocarbons in Indiana.
|
| 264 |
|
1 |
|a Bloomington,
|b [publisher not identified] ;
|c 1955.
|
| 300 |
|
|
|a 19 pages
|
| 336 |
|
|
|a text
|b txt
|2 rdacontent
|
| 337 |
|
|
|a unmediated
|b n
|2 rdamedia
|
| 338 |
|
|
|a volume
|b nc
|2 rdacarrier
|
| 490 |
1 |
|
|a Indiana. Geological Survey. Report of progress ;
|v no. 9
|
| 650 |
|
0 |
|a Hydrocarbons.
|
| 650 |
|
0 |
|a Petroleum
|x Storage.
|
| 650 |
|
0 |
|a Geology
|z Indiana.
|
| 830 |
|
0 |
|a Report of progress (Indiana. Geological Survey) ;
|v no. 9.
|
| 999 |
|
|
|a MARS
|
| 999 |
f |
f |
|s df76ca4c-ecf4-3520-90e9-a7b97dfbf1bc
|i c03c64c0-8b0d-32eb-9613-17f627ca9145
|t 0
|
| 952 |
f |
f |
|a Texas A&M University
|b College Station
|c Sterling C. Evans Library
|s Evans stk
|d Evans: Library Stacks
|t 0
|e QE109 .A3 no.1-10
|h Library of Congress classification
|
| 998 |
f |
f |
|a QE109 .A3 no.1-10
|t 0
|l Evans: Library Stacks
|